Kỹ thuật bắn súng ngắn

Сохранить в:
Библиографические подробности
Главный автор: Hồ Xuân Kỷ
Формат:
Язык:Undetermined
Опубликовано: Hà Nội TDTT 1977
Предметы:
Метки: Добавить метку
Нет меток, Требуется 1-ая метка записи!
Thư viện lưu trữ: Trung tâm Học liệu Trường Đại học Cần Thơ
LEADER 00455nam a2200169Ia 4500
001 CTU_9973
008 210402s9999 xx 000 0 und d
082 |a 799.3 
082 |b K600 
100 |a Hồ Xuân Kỷ 
245 0 |a Kỹ thuật bắn súng ngắn 
245 0 |c Hồ Xuân Kỷ 
260 |a Hà Nội 
260 |b TDTT 
260 |c 1977 
650 |a shooting - rules 
980 |a Trung tâm Học liệu Trường Đại học Cần Thơ